| 000 | 00505nam a2200181Ia 4500 | ||
|---|---|---|---|
| 001 | 11471 | ||
| 005 | 20260306162830.0 | ||
| 008 | 260306t2001||||xx |||||||||||||| ||spa|| | ||
| 041 | _aESP | ||
| 082 |
_a985.06 _bP26B |
||
| 100 |
_aParodi Revoredo, Daniel _eAUT |
||
| 245 | 0 |
_aLa laguna de los villanos: _bBolivia, Arequipa y Lizardo Montero en la guerra del Pacífico (1881-1883) |
|
| 260 | _c2001 | ||
| 300 |
_a151 páginas : _c20 cm. |
||
| 650 | _aGEN | ||
| 654 | _aCHU | ||
| 942 |
_cLIB _dJUS _fJUS _2ddc _n |
||
| 999 |
_c11471 _d11471 |
||